000 00226nam a22000857a 4500
008 160921b xxu||||| |||| 00| 0 eng d
100 _9687
_aCBSE
245 _aAPC Digest English Core-XII
260 _aNew Delhi
_bAPC Publications
_c2011
999 _c3344
_d3344